书目信息 |
| 题名: |
大气复合污染的关键化学过程
|
|
| 作者: | 朱彤 著 | |
| 分册: | 下 | |
| 出版信息: | 北京 北京大学出版社 2021 |
|
| 页数: | 295-605页 | |
| 开本: | 26cm | |
| 丛书名: | ||
| 单 册: | ||
| 中图分类: | X51 , X131 | |
| 科图分类: | ||
| 主题词: | 空气污染--环境污染化学 | |
| 电子资源: | ||
| ISBN: | 978-7-301-32295-6 | |
| 000 | 01407nam0 2200289 450 | |
| 001 | 2232423532 | |
| 005 | 20220930090045.40 | |
| 010 | @a978-7-301-32295-6@b精装@dCNY120.00 | |
| 100 | @a20211011d2021 em y0chiy50 ea | |
| 101 | 0 | @achi |
| 102 | @aCN@b110000 | |
| 105 | @ay z 000yy | |
| 200 | 1 | @a大气复合污染的关键化学过程@9da qi fu he wu ran de guan jian hua xue guo cheng@h下@dKey chemical processes of atmospheric compound pollution@hII@f朱彤[等]主编@zeng |
| 210 | @a北京@c北京大学出版社@d2021 | |
| 215 | @a295-605页@d26cm | |
| 300 | @a大气复合污染成因与应对机制 4 | |
| 304 | @a著者还有:贺泓、曹军骥、张朝林 | |
| 330 | @a本书为“大气复合污染成因与应对机制”丛书卷III下册,共11章。本卷报道了大气复合污染的关键化学过程的近期新研究成果,主要包括长三角大气氧化性的定量表征与化学机理开发、大气复合污染形成过程中的多相反应机制研究、过氧自由基关键化学过程及其对大气氧化性和细粒子生成的影响研究等。研究范围广泛,涉及长三角、珠三角及我国华北地区等。本卷中各章节以研究背景、研究目标与内容、研究方案、主要进展与成果四个模块展开,研究讨论部分以图文结合的形式阐述观点及结论。层次清晰、有理有据、内容详实。 | |
| 510 | 1 | @aKey chemical processes of atmospheric compound pollution@hII@zeng |
| 606 | 0 | @a空气污染@x环境污染化学 |
| 690 | @aX51@v5 | |
| 690 | @aX131@v5 | |
| 696 | @aX51@v5 | |
| 696 | @aX131@v5 | |
| 701 | 0 | @a朱彤@9zhu tong@4著 |
| 801 | 0 | @aCN@b91MARC@c20211015 |
| 905 | @aZUCC@dX51@e7:2 | |
| 大气复合污染的关键化学过程.下=Key chemical processes of atmospheric compound pollution.II/朱彤[等]主编.-北京:北京大学出版社,2021 |
| 295-605页;26cm |
| 大气复合污染成因与应对机制 4 |
| ISBN 978-7-301-32295-6(精装):CNY120.00 |
| 本书为“大气复合污染成因与应对机制”丛书卷III下册,共11章。本卷报道了大气复合污染的关键化学过程的近期新研究成果,主要包括长三角大气氧化性的定量表征与化学机理开发、大气复合污染形成过程中的多相反应机制研究、过氧自由基关键化学过程及其对大气氧化性和细粒子生成的影响研究等。研究范围广泛,涉及长三角、珠三角及我国华北地区等。本卷中各章节以研究背景、研究目标与内容、研究方案、主要进展与成果四个模块展开,研究讨论部分以图文结合的形式阐述观点及结论。层次清晰、有理有据、内容详实。 |
| ● |
| 相关链接 |
|
|
|
正题名:大气复合污染的关键化学过程
索取号:X51/7:2
 
预约/预借
| 序号 | 登录号 | 条形码 | 馆藏地/架位号 | 状态 | 备注 |
| 1 | 2000908114 | 2000908114 | 第三书库/ [索取号:X51/7:2] | 在馆 | |
| 2 | 2000908115 | 2000908115 | 第三书库/ [索取号:X51/7:2] | 在馆 | |
| 3 | 2000908116 | 2000908116 | 第三书库/ [索取号:X51/7:2] | 在馆 |